[Event "Seefeld-Casino op 19th"]
[Site "Seefeld/Tirol (5.9.-13.9)"]
[Date "2008.09.09"]
[Round "5.37"]
[White "Aufmwasser, Guenter"]
[Black "Lettenbichler, Marco"]
[Result "1/2-1/2"]
[WhiteElo "1553"]
[BlackElo "1508"]
[PlyCount "62"]
[EventDate "2008.09.??"]
[EventType "swiss"]
[EventRounds "9"]
[Source "Ganslmayer"]
[SourceDate "2010.03.14"]
[WhiteTeamCountry "AUT"]
[BlackTeamCountry "NED"]

1. f4 d5 2. Nf3 Nc6 3. e3 Bf5 4. Bb5 a6 5. Bxc6+ bxc6 6. b3 Nf6 7. Bb2 e6 8.
O-O Bc5 9. Nd4 Bxd4 10. Bxd4 Qe7 11. Bb2 Qc5 12. Na3 O-O 13. Rc1 Ne4 14. Nb1
Qa5 15. d3 Nf6 16. a4 Bg4 17. Qd2 Qxd2 18. Nxd2 c5 19. h3 Bf5 20. g4 Bg6 21.
Kh2 Nd7 22. e4 f5 23. Rf2 Nf6 24. Bxf6 Rxf6 25. exf5 exf5 26. Re1 Re8 27. Rxe8+
Bxe8 28. Re2 Kf7 29. g5 Re6 30. Rxe6 Kxe6 31. Kg1 Bh5 1/2-1/2

[Event "Seefeld-Casino op 19th"]
[Site "Seefeld/Tirol (5.9.-13.9)"]
[Date "2008.09.09"]
[Round "5.38"]
[White "Senn, Othmar"]
[Black "Egger, Herbert"]
[Result "0-1"]
[WhiteElo "1653"]
[BlackElo "1698"]
[PlyCount "80"]
[EventDate "2008.09.??"]
[EventType "swiss"]
[EventRounds "9"]
[Source "Ganslmayer"]
[SourceDate "2010.03.14"]
[WhiteTeamCountry "AUT"]
[BlackTeamCountry "NED"]

1. d4 d5 2. c4 c6 3. Nc3 Nf6 4. Nf3 Bg4 5. c5 Nbd7 6. h3 Bxf3 7. gxf3 e5 8. e3
exd4 9. exd4 Be7 10. Bd3 O-O 11. Qc2 g6 12. Bh6 Re8 13. O-O-O Nh5 14. Ne2 Bg5+
15. Bxg5 Qxg5+ 16. Kb1 Qh4 17. Rh2 Nf4 18. Qd2 Nxd3 19. Qxd3 b6 20. cxb6 Nxb6
21. Rg2 Nc4 22. f4 Rab8 23. b3 a5 24. Kc2 Na3+ 25. Kd2 Qe7 26. Ke1 Qb4+ 27. Kf1
Re4 28. f3 Re7 29. f5 Rbe8 30. Qd2 Qb5 31. Qd3 Qb7 32. Kf2 Qc8 33. Nf4 Re3 34.
Qd2 Qxf5 35. Rg4 R3e7 36. Qxa5 Nb5 37. a4 Nc7 38. Qc3 h5 39. Rh4 Qg5 40. Ng2
Re2+ 0-1

[Event "Seefeld-Casino op 19th"]
[Site "Seefeld/Tirol (5.9.-13.9)"]
[Date "2008.09.09"]
[Round "5.39"]
[White "Abraham, Helmut"]
[Black "Verwer, Renzo"]
[Result "0-1"]
[WhiteElo "1352"]
[BlackElo "1522"]
[PlyCount "48"]
[EventDate "2008.09.??"]
[EventType "swiss"]
[EventRounds "9"]
[Source "Ganslmayer"]
[SourceDate "2010.03.14"]
[WhiteTeam "Berlin-Kreuzberg SC"]
[BlackTeam "NED(Niederlande)"]
[BlackTeamCountry "NED"]

1. Nf3 d5 2. c4 c6 3. b3 Nf6 4. e3 Bf5 5. Be2 e6 6. O-O Bd6 7. d4 Nbd7 8. Nbd2
O-O 9. Bb2 Rc8 10. c5 Bb8 11. b4 Qc7 12. Re1 Ne4 13. Nf1 Ndf6 14. Ne5 g6 15. f3
Ng5 16. g4 Bxg4 17. fxg4 Nfe4 18. h4 Nh3+ 19. Kg2 Nhf2 20. Qc2 f6 21. Bf3 fxe5
22. dxe5 Rxf3 23. Nd2 Rg3+ 24. Kf1 Qf7 0-1

[Event "Seefeld-Casino op 19th"]
[Site "Seefeld/Tirol (5.9.-13.9)"]
[Date "2008.09.10"]
[Round "6.1"]
[White "Mueller, Ralf(03.69)"]
[Black "Van der Weide, Karel"]
[Result "1/2-1/2"]
[WhiteElo "2374"]
[BlackElo "2415"]
[PlyCount "50"]
[EventDate "2008.09.??"]
[EventType "swiss"]
[EventRounds "9"]
[Source "Ganslmayer"]
[SourceDate "2010.03.14"]
[BlackTeamCountry "NED"]

1. Nf3 Nf6 2. c4 g6 3. Nc3 Bg7 4. e4 d6 5. d4 O-O 6. Be2 e5 7. O-O Nc6 8. d5
Ne7 9. b4 a5 10. Ba3 axb4 11. Bxb4 Nd7 12. a4 Kh8 13. a5 Ng8 14. Ne1 f5 15. Nd3
Ngf6 16. Bf3 Qe7 17. Qe2 Ra6 18. Rac1 fxe4 19. Nxe4 Nxe4 20. Bxe4 Nf6 21. f3 c5
22. dxc6 bxc6 23. Nf2 Rd8 24. Rfd1 Qe6 25. Bc3 Nh5 1/2-1/2

[Event "Seefeld-Casino op 19th"]
[Site "Seefeld/Tirol (5.9.-13.9)"]
[Date "2008.09.10"]
[Round "6.2"]
[White "Bronznik, Valeri"]
[Black "Gatterer, Florian"]
[Result "1/2-1/2"]
[WhiteElo "2306"]
[BlackElo "2228"]
[PlyCount "22"]
[EventDate "2008.09.??"]
[EventType "swiss"]
[EventRounds "9"]
[Source "Ganslmayer"]
[SourceDate "2010.03.14"]
[BlackTeamCountry "NED"]

1. d4 d5 2. c4 c6 3. Nc3 dxc4 4. e4 b5 5. a4 b4 6. Na2 Nf6 7. e5 Nd5 8. Bxc4 e6
9. Nf3 a5 10. O-O Ba6 11. Bxa6 Nxa6 1/2-1/2

[Event "Seefeld-Casino op 19th"]
[Site "Seefeld/Tirol (5.9.-13.9)"]
[Date "2008.09.10"]
[Round "6.3"]
[White "Platzgummer, Fabian"]
[Black "Goy, Udo"]
[Result "1/2-1/2"]
[WhiteElo "2262"]
[BlackElo "2143"]
[PlyCount "21"]
[EventDate "2008.09.??"]
[EventType "swiss"]
[EventRounds "9"]
[Source "Ganslmayer"]
[SourceDate "2010.03.14"]
[BlackTeamCountry "NED"]

1. e4 d6 2. d4 Nf6 3. Nc3 g6 4. f4 c5 5. dxc5 Qa5 6. cxd6 Nxe4 7. Qd4 Nxc3 8.
bxc3 Rg8 9. dxe7 Bxe7 10. Qe5 Qxe5+ 11. fxe5 1/2-1/2

[Event "Seefeld-Casino op 19th"]
[Site "Seefeld/Tirol (5.9.-13.9)"]
[Date "2008.09.10"]
[Round "6.4"]
[White "Schnitzspan, Lothar"]
[Black "Kaye, Ferdinand"]
[Result "1-0"]
[WhiteElo "2240"]
[BlackElo "2042"]
[PlyCount "45"]
[EventDate "2008.09.??"]
[EventType "swiss"]
[EventRounds "9"]
[Source "Ganslmayer"]
[SourceDate "2010.03.14"]
[BlackTeamCountry "NED"]

1. Nf3 g6 2. c4 Bg7 3. Nc3 d6 4. g3 e5 5. Bg2 Ne7 6. O-O c5 7. e3 Nbc6 8. d4
cxd4 9. exd4 Nxd4 10. Nxd4 exd4 11. Nb5 Nc6 12. Re1+ Be6 13. Bxc6+ bxc6 14.
Nxd4 O-O 15. Nxe6 fxe6 16. Rxe6 Qb6 17. Be3 Qxb2 18. Rc1 Rae8 19. Qxd6 Rd8 20.
Qxc6 Rxf2 21. Bxf2 Qxc1+ 22. Kg2 Qa3 23. Re8+ 1-0

[Event "Seefeld-Casino op 19th"]
[Site "Seefeld/Tirol (5.9.-13.9)"]
[Date "2008.09.10"]
[Round "6.5"]
[White "Kesik, Klaus-Dieter"]
[Black "Jaenig, Reinhard"]
[Result "0-1"]
[WhiteElo "2185"]
[BlackElo "2110"]
[PlyCount "76"]
[EventDate "2008.09.??"]
[EventType "swiss"]
[EventRounds "9"]
[Source "Ganslmayer"]
[SourceDate "2010.03.14"]
[BlackTeamCountry "NED"]

1. d4 c5 2. d5 d6 3. Nc3 g6 4. g3 Bg7 5. Bg2 Nf6 6. e4 O-O 7. Nge2 Na6 8. O-O
Nc7 9. a4 b6 10. h3 a6 11. Bg5 Rb8 12. Qd2 Re8 13. f4 Nd7 14. Bh4 Bf6 15. Bxf6
exf6 16. Nd1 b5 17. axb5 axb5 18. Ne3 Bb7 19. g4 Ra8 20. Rae1 Ra2 21. b3 Qe7
22. Ng3 b4 23. h4 Ba6 24. Ra1 Bxf1 25. Rxa2 Bxg2 26. Kxg2 Ra8 27. Rxa8+ Nxa8
28. g5 fxg5 29. hxg5 f6 30. gxf6 Qxf6 31. Ng4 Qh4 32. Nh2 Nf6 33. e5 Qxg3+ 34.
Kxg3 Ne4+ 35. Kf3 Nxd2+ 36. Ke3 Nb1 37. Kd3 Na3 38. exd6 Nb6 0-1

[Event "Seefeld-Casino op 19th"]
[Site "Seefeld/Tirol (5.9.-13.9)"]
[Date "2008.09.10"]
[Round "6.6"]
[White "Allgaier, Erik"]
[Black "Quinn, John M."]
[Result "1/2-1/2"]
[WhiteElo "2135"]
[BlackElo "2150"]
[PlyCount "112"]
[EventDate "2008.09.??"]
[EventType "swiss"]
[EventRounds "9"]
[Source "Ganslmayer"]
[SourceDate "2010.03.14"]
[WhiteTeam "Helmholtz BVG"]
[BlackTeam "ENG/Ealing"]
[BlackTeamCountry "ENG"]

1. Nf3 Nf6 2. d4 e6 3. e3 b6 4. Bd3 Bb7 5. O-O d5 6. c3 Bd6 7. Nbd2 Ne4 8. Ne5
Bxe5 9. dxe5 Nd7 10. f4 Ndc5 11. Bb5+ c6 12. Be2 a5 13. Nf3 O-O 14. Nd4 f6 15.
exf6 Qxf6 16. Nf3 Nd7 17. Qd4 Ba6 18. Bxa6 Rxa6 19. c4 b5 20. b3 bxc4 21. Qxf6
gxf6 22. bxc4 Nb6 23. cxd5 cxd5 24. Bb2 Nc4 25. Bd4 Re8 26. Rac1 e5 27. fxe5
fxe5 28. Ba1 Nxe3 29. Rfe1 d4 30. Nxe5 Rd6 31. Nf3 Rg6 32. Nh4 Rg7 33. Bxd4 Nd5
34. Nf5 Rg6 35. Rc5 Nf4 36. Ng3 Rxg3 37. hxg3 Nd3 38. Rec1 Nxc1 39. Rxc1 Nxg3
40. Kh2 Ne2 41. Re1 Re4 42. Bf2 Kf7 43. g3 Ke6 44. Kg2 Nc3 45. Kf3 Kd5 46. Rc1
Rc4 47. Be1 Kd4 48. a3 a4 49. Kg2 Kd3 50. Kh3 Rc6 51. Kg2 Rc7 52. g4 Nd5 53.
Rxc7 Nxc7 54. Kh3 Ke4 55. Kh4 Ne6 56. Bd2 Kd3 1/2-1/2

[Event "Seefeld-Casino op 19th"]
[Site "Seefeld/Tirol (5.9.-13.9)"]
[Date "2008.09.10"]
[Round "6.7"]
[White "Herbold, Manfred"]
[Black "Lang, Ferdinand(49)"]
[Result "1-0"]
[WhiteElo "2115"]
[BlackElo "1968"]
[PlyCount "131"]
[EventDate "2008.09.??"]
[EventType "swiss"]
[EventRounds "9"]
[Source "Ganslmayer"]
[SourceDate "2010.03.14"]
[BlackTeamCountry "ENG"]

1. c4 Nf6 2. Nc3 g6 3. g3 Bg7 4. Bg2 O-O 5. Nf3 d6 6. O-O c5 7. d4 Nbd7 8. b3
cxd4 9. Nxd4 Nc5 10. Bb2 Rb8 11. Re1 a6 12. e4 Ng4 13. h3 Ne5 14. Bf1 Be6 15.
Nd5 Bd7 16. f4 Nc6 17. Nxc6 bxc6 18. Bxg7 Kxg7 19. Nc3 Ne6 20. e5 Qb6+ 21. Kh1
Qf2 22. Bg2 Qd4 23. Qxd4 Nxd4 24. Rad1 c5 25. Nd5 dxe5 26. Rxe5 e6 27. Nc7 Bc8
28. Rxc5 Nc2 29. Rd6 Nb4 30. Ra5 Kf6 31. a3 Nc2 32. b4 Ne3 33. Nd5+ Nxd5 34.
Raxd5 Ke7 35. Rd4 f6 36. c5 a5 37. Bc6 e5 38. fxe5 fxe5 39. Rh4 axb4 40. axb4
Rf7 41. Re4 Rf2 42. Kg1 Rb2 43. Rxe5+ Kf7 44. b5 Bxh3 45. b6 Rf8 46. Rd4 Kf6
47. Re8 Rxe8 48. Bxe8 Ke5 49. Rd8 Bg2 50. Rd6 Bh3 51. Bd7 Rb1+ 52. Kf2 Rb2+ 53.
Ke3 Bf1 54. Bc8 Bg2 55. Rd2 Rb3+ 56. Rd3 Rb2 57. Bg4 Bf1 58. Rc3 h5 59. Bf3 Ba6
60. Ra3 Bc8 61. Ra8 Rb3+ 62. Kd2 Rxf3 63. Rxc8 Rb3 64. Rc7 Kd5 65. b7 g5 66. c6
1-0

[Event "Seefeld-Casino op 19th"]
[Site "Seefeld/Tirol (5.9.-13.9)"]
[Date "2008.09.10"]
[Round "6.8"]
[White "Meertens, Martin"]
[Black "Jandke, Manfred"]
[Result "0-1"]
[WhiteElo "2059"]
[BlackElo "2119"]
[PlyCount "94"]
[EventDate "2008.09.??"]
[EventType "swiss"]
[EventRounds "9"]
[Source "Ganslmayer"]
[SourceDate "2010.03.14"]
[WhiteTeam "Köln-Klub Sfr."]
[BlackTeam "Lübbenau SSG"]

1. e4 e6 2. d4 d5 3. Nc3 Nf6 4. e5 Nfd7 5. f4 c5 6. Nf3 Nc6 7. Be3 a6 8. Qd2 b5
9. a3 g5 10. fxg5 cxd4 11. Bxd4 Nxd4 12. Qxd4 Bc5 13. Qh4 Qc7 14. Qf4 Bb7 15.
Ne2 Bf8 16. Ng3 Qxc2 17. Rc1 Qxb2 18. Be2 Qxa3 19. O-O Bc5+ 20. Nd4 Rf8 21. Kh1
Qb4 22. Rcd1 O-O-O 23. Bh5 Kb8 24. Nge2 Qc4 25. Bxf7 Rxf7 26. Qxf7 Bxd4 27.
Nxd4 Rf8 28. Qxf8+ Nxf8 29. Rxf8+ Ka7 30. h3 b4 31. Rf7 b3 32. Nxe6 Qc2 33. Rg1
b2 34. Nd4 Qd3 35. Nc6+ Kb6 36. Nd8 Ba8 37. Rff1 d4 38. Kh2 Qe2 39. e6 Qe5+ 40.
Kh1 Qxg5 41. Rf2 Qxd8 42. Rxb2+ Kc5 43. Re1 Qh4 44. Rbe2 d3 45. Re5+ Kd6 46.
R5e3 Ke7 47. Rf1 Qg5 0-1

[Event "Seefeld-Casino op 19th"]
[Site "Seefeld/Tirol (5.9.-13.9)"]
[Date "2008.09.10"]
[Round "6.9"]
[White "Vrban, Damir"]
[Black "Breedveld, Andre"]
[Result "1-0"]
[WhiteElo "2207"]
[BlackElo "2139"]
[PlyCount "47"]
[EventDate "2008.09.??"]
[EventType "swiss"]
[EventRounds "9"]
[Source "Ganslmayer"]
[SourceDate "2010.03.14"]

1. e4 d6 2. Nc3 Nf6 3. Nge2 e5 4. g3 Be7 5. Bg2 c6 6. d3 Nbd7 7. O-O Nf8 8. d4
b5 9. a3 Qc7 10. f4 Bg4 11. Qd3 Ne6 12. Be3 exd4 13. Nxd4 Nc5 14. Qd2 Bd7 15.
b4 Nb7 16. h3 O-O 17. g4 Rfd8 18. e5 Ne8 19. Ndxb5 cxb5 20. Nd5 Qb8 21. Nxe7+
Kf8 22. Nc6 Bxc6 23. Bxc6 dxe5 24. Qg2 1-0

[Event "Seefeld-Casino op 19th"]
[Site "Seefeld/Tirol (5.9.-13.9)"]
[Date "2008.09.10"]
[Round "6.10"]
[White "Ballon, Guenther Jan"]
[Black "Mertens, Klaus"]
[Result "1/2-1/2"]
[WhiteElo "1999"]
[BlackElo "2001"]
[PlyCount "44"]
[EventDate "2008.09.??"]
[EventType "swiss"]
[EventRounds "9"]
[Source "Ganslmayer"]
[SourceDate "2010.03.14"]
[WhiteTeam "NED(Niederlande)"]
[BlackTeam "Mainz-Mombach SV"]
[WhiteTeamCountry "NED"]

1. d4 Nf6 2. c4 e6 3. Nc3 b6 4. Nf3 Bb7 5. g3 Bb4 6. Bd2 c5 7. dxc5 Bxc5 8. Bg2
O-O 9. O-O Ne4 10. Ne1 Nxc3 11. Bxc3 Bxg2 12. Nxg2 Nc6 13. Qd2 a5 14. Rfd1 Ra7
15. Nf4 Qg5 16. Nd3 Qxd2 17. Rxd2 f6 18. Rad1 Rf7 19. Kg2 Kf8 20. h4 Bd4 21.
Bxd4 Nxd4 22. e3 Nc6 1/2-1/2

[Event "Seefeld-Casino op 19th"]
[Site "Seefeld/Tirol (5.9.-13.9)"]
[Date "2008.09.10"]
[Round "6.11"]
[White "Nachtkamp, Herbert"]
[Black "Knechtel, Roland"]
[Result "0-1"]
[WhiteElo "1970"]
[BlackElo "2169"]
[PlyCount "161"]
[EventDate "2008.09.??"]
[EventType "swiss"]
[EventRounds "9"]
[Source "Ganslmayer"]
[SourceDate "2010.03.14"]
[WhiteTeamCountry "NED"]

1. d4 Nf6 2. Nf3 e6 3. e3 b6 4. Nbd2 Bb7 5. Bd3 c5 6. O-O cxd4 7. exd4 Qc7 8.
c3 Be7 9. Qe2 d6 10. Re1 O-O 11. Ne4 Nbd7 12. Bg5 Rfe8 13. Nxf6+ Nxf6 14. Bxf6
Bxf6 15. Be4 a6 16. Bxb7 Qxb7 17. a4 b5 18. Qc2 Rab8 19. axb5 axb5 20. Ra5 Rec8
21. Rea1 Qd5 22. Qd1 h6 23. h3 Qe4 24. Ra6 b4 25. Rxd6 bxc3 26. bxc3 Rxc3 27.
Qe1 Qc2 28. Qd1 Qf5 29. Rda6 Rcb3 30. Ra8 Kh7 31. Rxb8 Rxb8 32. Qd2 g5 33. Qe3
Rb5 34. Re1 Kg7 35. Ne5 Rd5 36. g4 Qc2 37. Re2 Qd1+ 38. Re1 Qxd4 39. Qxd4 Rxd4
40. Nf3 Rc4 41. Re2 Be7 42. Kg2 Rc3 43. Ra2 Bc5 44. Re2 Bd6 45. Rd2 Bc7 46. Re2
Kg6 47. Ne5+ Bxe5 48. Rxe5 Rc6 49. Ra5 f6 50. Ra4 h5 51. Rb4 e5 52. Rb8 h4 53.
Rb3 Kf7 54. Ra3 Ke6 55. Rd3 Rd6 56. Ra3 e4 57. Re3 Ke5 58. Re2 Kf4 59. Ra2 f5
60. gxf5 Kxf5 61. Ra8 Rf6 62. Re8 Kf4 63. Rg8 Rf5 64. Rg7 Ke5 65. Ra7 Kf6 66.
Ra6+ Kg7 67. Re6 Rf4 68. Ra6 g4 69. hxg4 Rxg4+ 70. Kh3 Rf4 71. Kg2 Rf6 72. Ra4
Re6 73. Kh3 Kf6 74. Ra5 Re5 75. Ra8 Kg5 76. Rh8 Rf5 77. Kg2 Kg4 78. Rg8+ Kf4
79. Kf1 h3 80. Rg3 Rh5 81. Kg1 0-1

[Event "Seefeld-Casino op 19th"]
[Site "Seefeld/Tirol (5.9.-13.9)"]
[Date "2008.09.10"]
[Round "6.12"]
[White "Moroder, Stefan"]
[Black "Santl, Anton"]
[Result "0-1"]
[WhiteElo "2003"]
[BlackElo "2026"]
[PlyCount "60"]
[EventDate "2008.09.??"]
[EventType "swiss"]
[EventRounds "9"]
[Source "Ganslmayer"]
[SourceDate "2010.03.14"]
[WhiteTeamCountry "NED"]

1. e4 c5 2. Nf3 Nc6 3. c3 Nf6 4. e5 Nd5 5. Bc4 Nb6 6. Bb3 Qc7 7. Qe2 e6 8. O-O
d5 9. exd6 Bxd6 10. d4 cxd4 11. cxd4 O-O 12. Nc3 a6 13. Re1 Bd7 14. a3 Rfe8 15.
Ne4 Nd5 16. Nxd6 Qxd6 17. Bc2 h6 18. Qe4 f5 19. Qd3 Rac8 20. Bb1 Nf6 21. Ba2
Kh8 22. h3 e5 23. Bxh6 gxh6 24. Qd2 Ne4 25. Nxe5 Rxe5 26. Qf4 Nxd4 27. Rad1
Ne2+ 28. Rxe2 Qxd1+ 29. Kh2 Qd6 30. f3 Rd5 0-1

[Event "Seefeld-Casino op 19th"]
[Site "Seefeld/Tirol (5.9.-13.9)"]
[Date "2008.09.10"]
[Round "6.13"]
[White "Gatterer, Matthias"]
[Black "Opitz, Christian"]
[Result "1-0"]
[WhiteElo "2081"]
[BlackElo "1939"]
[PlyCount "33"]
[EventDate "2008.09.??"]
[EventType "swiss"]
[EventRounds "9"]
[Source "Ganslmayer"]
[SourceDate "2010.03.14"]
[WhiteTeamCountry "NED"]

1. d4 Nf6 2. Nf3 e6 3. c4 Bb4+ 4. Nbd2 O-O 5. g3 d6 6. Bg2 Nbd7 7. O-O Bxd2 8.
Bxd2 e5 9. Bg5 h6 10. Bxf6 Qxf6 11. e3 Nb6 12. c5 dxc5 13. dxc5 Rd8 14. Qc2 Nd5
15. Qe4 Qe7 16. Qxe5 Qxc5 17. e4 1-0

[Event "Seefeld-Casino op 19th"]
[Site "Seefeld/Tirol (5.9.-13.9)"]
[Date "2008.09.10"]
[Round "6.14"]
[White "Fahnenschmidt, Gerhard Dr"]
[Black "Buchaeckert, Juergen"]
[Result "0-1"]
[WhiteElo "1883"]
[BlackElo "1873"]
[PlyCount "58"]
[EventDate "2008.09.??"]
[EventType "swiss"]
[EventRounds "9"]
[Source "Ganslmayer"]
[SourceDate "2010.03.14"]
[WhiteTeamCountry "NED"]

1. c4 Nf6 2. Nc3 d5 3. cxd5 Nxd5 4. d4 g6 5. Nf3 Bg7 6. e4 Nxc3 7. bxc3 c5 8.
Bc4 O-O 9. O-O Bg4 10. Be3 Bxf3 11. Qxf3 cxd4 12. cxd4 Nc6 13. Rad1 Nxd4 14.
Bxd4 Bxd4 15. e5 Qb6 16. Qe4 Rad8 17. Rd2 Bc5 18. Rb1 Qxb1+ 19. Qxb1 Rxd2 20.
Kh1 Rfd8 21. Bb3 Rxf2 22. e6 f6 23. h4 Rd4 24. g3 Rdd2 25. Qg1 Bb6 26. h5 Rfe2
27. Bc4 Bxg1 28. Bxe2 Rxe2 29. Kxg1 Rxa2 0-1

[Event "Seefeld-Casino op 19th"]
[Site "Seefeld/Tirol (5.9.-13.9)"]
[Date "2008.09.10"]
[Round "6.15"]
[White "Winter, Bernd(41)"]
[Black "Pregl, Walter"]
[Result "0-1"]
[WhiteElo "1948"]
[BlackElo "2257"]
[PlyCount "72"]
[EventDate "2008.09.??"]
[EventType "swiss"]
[EventRounds "9"]
[Source "Ganslmayer"]
[SourceDate "2010.03.14"]
[WhiteTeamCountry "NED"]

1. e4 c5 2. Nf3 d6 3. d4 cxd4 4. Nxd4 Nf6 5. Nc3 a6 6. Be2 e5 7. Nb3 Be7 8. O-O
Qc7 9. Be3 Be6 10. Qd2 Nbd7 11. a4 b6 12. f3 O-O 13. Rfd1 Rfc8 14. Rac1 Bc4 15.
Bxc4 Qxc4 16. Qf2 b5 17. a5 Qc6 18. Kh1 b4 19. Nd5 Nxd5 20. Rxd5 f5 21. Rdd1
fxe4 22. fxe4 Qxe4 23. Nd2 Qg6 24. Qf3 Nf6 25. Qb7 Bf8 26. Qxb4 d5 27. Qb3 Kh8
28. Nf3 Qh5 29. Rf1 Rab8 30. Bb6 e4 31. Nd4 Bd6 32. Qh3 Qxh3 33. gxh3 Bc5 34.
Bxc5 Rxc5 35. Nb3 Rc4 36. Rf4 Rxb3 0-1

[Event "Seefeld-Casino op 19th"]
[Site "Seefeld/Tirol (5.9.-13.9)"]
[Date "2008.09.10"]
[Round "6.16"]
[White "Platzgummer, Peter"]
[Black "Schmidt, Wolfgang(50)"]
[Result "0-1"]
[WhiteElo "1960"]
[BlackElo "2023"]
[PlyCount "24"]
[EventDate "2008.09.??"]
[EventType "swiss"]
[EventRounds "9"]
[Source "Ganslmayer"]
[SourceDate "2010.03.14"]
[WhiteTeamCountry "NED"]

1. e4 g6 2. d4 Bg7 3. Nc3 d6 4. f4 Nf6 5. Nf3 c5 6. d5 O-O 7. Bd3 e6 8. dxe6
Bxe6 9. f5 Bd7 10. O-O Bc6 11. e5 dxe5 12. Nxe5 Qd4+ 0-1

[Event "Seefeld-Casino op 19th"]
[Site "Seefeld/Tirol (5.9.-13.9)"]
[Date "2008.09.10"]
[Round "6.17"]
[White "Jolowicz, Matias Dr"]
[Black "Strasser, Josef(64)"]
[Result "1-0"]
[WhiteElo "2027"]
[BlackElo "1936"]
[PlyCount "53"]
[EventDate "2008.09.??"]
[EventType "swiss"]
[EventRounds "9"]
[Source "Ganslmayer"]
[SourceDate "2010.03.14"]
[WhiteTeamCountry "NED"]

1. c4 c6 2. g3 Nf6 3. Bg2 e6 4. Nf3 d5 5. b3 Be7 6. O-O O-O 7. Bb2 Nbd7 8. d4
b6 9. Nbd2 Bb7 10. Re1 c5 11. a3 dxc4 12. Nxc4 cxd4 13. Nxd4 Bxg2 14. Kxg2 Qc7
15. f3 Qb7 16. e4 a6 17. b4 Rac8 18. Qe2 Rfd8 19. Rab1 Nb8 20. b5 Rc7 21. Ne5
axb5 22. Nxb5 Rc5 23. Rec1 Rdc8 24. Rxc5 Rxc5 25. Bd4 Rc8 26. Nc4 Nbd7 27. Ncd6
1-0

[Event "Seefeld-Casino op 19th"]
[Site "Seefeld/Tirol (5.9.-13.9)"]
[Date "2008.09.10"]
[Round "6.18"]
[White "Thoeny, Hermann"]
[Black "Dalnodar, Bernhard"]
[Result "1/2-1/2"]
[WhiteElo "1920"]
[BlackElo "1989"]
[PlyCount "79"]
[EventDate "2008.09.??"]
[EventType "swiss"]
[EventRounds "9"]
[Source "Ganslmayer"]
[SourceDate "2010.03.14"]
[WhiteTeam "AUT/Kundl"]
[BlackTeam "AUT/Landeck"]
[WhiteTeamCountry "AUT"]
[BlackTeamCountry "AUT"]

1. d4 d5 2. Nf3 Nf6 3. c4 c6 4. cxd5 cxd5 5. Nc3 Nc6 6. Bf4 a6 7. e3 Bg4 8. Be2
e6 9. O-O Be7 10. h3 Bh5 11. Ne5 Bxe2 12. Qxe2 O-O 13. Rfc1 Nxe5 14. Bxe5 Rc8
15. Rc2 b5 16. Rac1 Qd7 17. Nb1 Rxc2 18. Qxc2 Ra8 19. Nd2 Ne8 20. Nb3 Bd6 21.
Nc5 Qe7 22. Nd3 f6 23. Qc6 Ra7 24. Bxd6 Nxd6 25. b3 Kf7 26. Qb6 Qd7 27. Rc6 Ne4
28. f3 Rb7 29. Qxa6 Ra7 30. Qc8 Qxc8 31. Rxc8 Ng3 32. Kf2 Nh1+ 33. Kg1 Ng3 34.
Rc2 Nf5 35. Kf2 Ke7 36. Nb4 Kd7 37. g4 Nd6 38. Ke2 Ra8 39. h4 h5 40. gxh5
1/2-1/2

[Event "Seefeld-Casino op 19th"]
[Site "Seefeld/Tirol (5.9.-13.9)"]
[Date "2008.09.10"]
[Round "6.19"]
[White "Ranker, Klemens"]
[Black "Schnegg, Daniel"]
[Result "1/2-1/2"]
[WhiteElo "1862"]
[BlackElo "1985"]
[PlyCount "77"]
[EventDate "2008.09.??"]
[EventType "swiss"]
[EventRounds "9"]
[Source "Ganslmayer"]
[SourceDate "2010.03.14"]
[WhiteTeamCountry "AUT"]
[BlackTeamCountry "AUT"]

1. e4 c5 2. Bc4 d6 3. Nc3 g6 4. d3 Bg7 5. Bd2 e6 6. Nge2 Ne7 7. O-O O-O 8. Ng3
a6 9. a4 Nbc6 10. Qc1 d5 11. Ba2 Nd4 12. Re1 b5 13. exd5 exd5 14. axb5 axb5 15.
Bg5 Be6 16. Nce2 Nxe2+ 17. Nxe2 Qd7 18. Nf4 Nc6 19. Nxe6 fxe6 20. c3 b4 21. Bb3
Rxa1 22. Qxa1 Qf7 23. Bh4 Ne5 24. Qd1 bxc3 25. bxc3 Nc6 26. Ba4 Na5 27. Qc2 Nb7
28. Bg3 Ra8 29. c4 Bd4 30. Bb5 Kg7 31. h3 Kg8 32. Qe2 Bc3 33. Rc1 Bd4 34. Re1
Nd8 35. Bh4 Bc3 36. Rc1 Bf6 37. Bg3 Ra1 38. Rxa1 Bxa1 39. Qa2 1/2-1/2

[Event "Seefeld-Casino op 19th"]
[Site "Seefeld/Tirol (5.9.-13.9)"]
[Date "2008.09.10"]
[Round "6.20"]
[White "Voss, Ingo"]
[Black "Stock, Juergen(56)"]
[Result "1-0"]
[WhiteElo "2019"]
[BlackElo "1886"]
[PlyCount "41"]
[EventDate "2008.09.??"]
[EventType "swiss"]
[EventRounds "9"]
[Source "Ganslmayer"]
[SourceDate "2010.03.14"]
[WhiteTeam "Berlin-Kreuzberg SC"]
[BlackTeam "Eschborn SC"]

1. f4 f5 2. e4 fxe4 3. d3 Nf6 4. dxe4 e5 5. Bd3 Nc6 6. Nf3 d5 7. fxe5 Nxe4 8.
Qe2 Bf5 9. Nbd2 Qd7 10. Nxe4 dxe4 11. Bxe4 Bxe4 12. Qxe4 O-O-O 13. O-O Bc5+ 14.
Be3 Bxe3+ 15. Qxe3 Qe6 16. Ng5 Qxe5 17. Qh3+ Rd7 18. Rad1 Qc5+ 19. Kh1 Nb8 20.
Rf7 Qxg5 21. Rdxd7 1-0

[Event "Seefeld-Casino op 19th"]
[Site "Seefeld/Tirol (5.9.-13.9)"]
[Date "2008.09.10"]
[Round "6.21"]
[White "Willin, Bernhard"]
[Black "Klein, Gereon"]
[Result "1/2-1/2"]
[WhiteElo "1749"]
[BlackElo "1846"]
[PlyCount "47"]
[EventDate "2008.09.??"]
[EventType "swiss"]
[EventRounds "9"]
[Source "Ganslmayer"]
[SourceDate "2010.03.14"]

1. d4 d5 2. e3 Nf6 3. Nd2 Bf5 4. Ne2 c6 5. Ng3 Bg6 6. Be2 e6 7. O-O Be7 8. c3
Nbd7 9. f4 O-O 10. f5 exf5 11. Nxf5 Re8 12. Rf4 Bf8 13. Nf1 Re4 14. N1g3 Rxf4
15. exf4 Bxf5 16. Nxf5 Ne4 17. g4 g6 18. Ng3 Ndf6 19. Qd3 Qd7 20. Qf3 Re8 21.
Nf1 Bd6 22. Be3 Qc7 23. Re1 Qb6 24. Bc1 1/2-1/2

[Event "Seefeld-Casino op 19th"]
[Site "Seefeld/Tirol (5.9.-13.9)"]
[Date "2008.09.10"]
[Round "6.22"]
[White "Schumacher, Helmut(31)"]
[Black "Vonach, Bernhard Dr"]
[Result "1/2-1/2"]
[WhiteElo "1972"]
[BlackElo "1817"]
[PlyCount "81"]
[EventDate "2008.09.??"]
[EventType "swiss"]
[EventRounds "9"]
[Source "Ganslmayer"]
[SourceDate "2010.03.14"]
[WhiteTeam "Aachen SV"]
[BlackTeam "Windach Sfr."]

1. d4 Nf6 2. Nc3 d5 3. Bg5 g6 4. e3 Bg7 5. Bd3 Nbd7 6. Nf3 O-O 7. O-O h6 8. Re1
c5 9. a4 b6 10. e4 dxe4 11. Nxe4 Bb7 12. dxc5 bxc5 13. Bxf6 Bxf6 14. Nxf6+ Nxf6
15. Qe2 Re8 16. Ne5 Qd5 17. f3 Qd4+ 18. Kh1 Qh4 19. Qe3 Rac8 20. Bc4 e6 21. Qe2
Nh5 22. Kg1 Nf4 23. Qf2 Qg5 24. Qg3 Qxg3 25. hxg3 Nd5 26. Rad1 Red8 27. Rd2 Kf8
28. Red1 Ke7 29. Be2 f6 30. Nc4 Bc6 31. a5 Bb5 32. Kf2 Bxc4 33. Bxc4 Nc7 34.
Ke3 Rxd2 35. Rxd2 Rb8 36. c3 h5 37. f4 Rb7 38. Be2 Rb8 39. Ke4 Rb7 40. Kd3 Rb5
41. Kc4 1/2-1/2